|
|
|
|
| LEADER |
00543nam a22001334a 4500 |
| 082 |
|
|
|a 954.03
|
| 100 |
|
|
|a Prasad,
|b Rajeshwari .
|
| 260 |
|
|
|a New Delhi:
|b S.Chand,
|c 1970.
|
| 650 |
|
|
|a Some Aspects of British Revenue Policy in India
|
| 650 |
|
|
|a British Revenue Policy in India
|
| 245 |
|
|
|a Some Aspects of British Revenue Policy in India :
|b 1773-1833 /
|c by Rajeshwari Prasad .
|
| 942 |
|
|
|c BK
|
| 999 |
|
|
|c 245460
|d 245460
|
| 952 |
|
|
|0 0
|1 0
|4 0
|6 954_030000000000000_PRA
|7 0
|8 TB
|9 260813
|a HIS
|b HIS
|d 2020-01-04
|l 0
|o 954.03 PRA
|p HIS6749
|r 2020-01-04
|t 1
|w 2020-01-04
|y BK
|